Master plan project for Vietnam fisheries: Sub-project 3: fish trade, processing and marketing

The main report is a summary and an overview of the work carried out and the result reached by Sub-project 3. In accordance with the terms of reference the output of the work of the sub-project is,...

Saved in:
Bibliographic Details
Format: Book
Language:Undetermined
Published: Denmark Consulting Engineering and Planners AS 1997
Subjects:
Tags: Add Tag
No Tags, Be the first to tag this record!
Institutions: Trung tâm Học liệu Trường Đại học Cần Thơ
LEADER 00781nam a2200193Ia 4500
001 CTU_149906
008 210402s9999 xx 000 0 und d
082 |a 338.371 
082 |b M423/Re.1 
245 0 |a Master plan project for Vietnam fisheries: 
245 0 |b Sub-project 3: fish trade, processing and marketing 
260 |a Denmark 
260 |b Consulting Engineering and Planners AS 
260 |c 1997 
520 |a The main report is a summary and an overview of the work carried out and the result reached by Sub-project 3. In accordance with the terms of reference the output of the work of the sub-project is,... 
650 |a Fishery management,Aquaculture 
650 |x Economic aspects 
904 |i Năm 
980 |a Trung tâm Học liệu Trường Đại học Cần Thơ